| 000 | 01190nam a22002657a 4500 | ||
|---|---|---|---|
| 005 | 20170124103126.0 | ||
| 010 | _aA-655579 | ||
| 020 | _c27.00 | ||
| 035 | _aA-655579 | ||
| 037 | _bCen Lib/Ret | ||
| 040 |
_aDPL _bHN |
||
| 082 |
_a181.41 _bभटना |
||
| 100 |
_aभटनागर, राजेन्द्र _983204 |
||
| 245 |
_aदर्शन का परिचय / _cराजेन्द्र भटनागर |
||
| 246 |
_aDarshan ka parichay / _bby Rajendra Bhatnagar |
||
| 260 |
_aजयपुर _bराजस्थान हिन्दी ग्रन्थ अकादमी _c1993 |
||
| 270 |
_aए-26/2, विद्यालय मार्ग, तिलक मार्ग _bजयपुर _e302004 |
||
| 300 |
_a105पृ. _c21सेमी (सजिल्द) |
||
| 500 | _aअनुक्रमणिका और सन्दर्भ सूची शामिल | ||
| 650 |
_aदार्शनिक चिन्तन _91483 |
||
| 650 |
_aमूल्य और आदर्श _91726 |
||
| 650 |
_aPhilosophical aspects _916954 |
||
| 650 |
_aPrice and perfect _983205 |
||
| 942 |
_2ddc _cHN _h181.41 _mभटना |
||
| 999 |
_c119069 _d119069 |
||